000 00797nam a2200289Ia 4500
005 20260324115400.0
008 008 260324s9999 xx 000 0 eng d
020 _a9781003448112
037 _aEBOOK
040 _aCRL
040 _beng
040 _cCRL
041 _2eng
041 _aeng
084 _qCRL
100 _aTania D. Mitchell; David M. Donahue; Chris Nayve; Star Plaxton-Moore
_91154444
245 4 _aThe Student Companion to Community-Engaged Learning
245 0 _bWhat You Need to Know for Transformative Learning and Real Social Change
260 _bTaylor and Francis
260 _c2018
365 _a
365 _b230
856 _uhttp://www.taylorfrancis.com/books/9781003448112
942 _cEBOOK
999 _c1745291
_d1745291